Loading...
Communication for business
| Main Author: | |
|---|---|
| Format: | Printed Book |
| Published: |
New Delhi
Pearson education
2013
|
| Edition: | 4 |
| Subjects: |
| LEADER | 00501nam a22001457a 4500 | ||
|---|---|---|---|
| 020 | |a 9788131727652 | ||
| 082 | |a 658.45 |b TAY.C | ||
| 100 | |a Shirley Taylor | ||
| 245 | |a Communication for business | ||
| 250 | |a 4 | ||
| 260 | |a New Delhi |b Pearson education |c 2013 | ||
| 650 | |a Communication |a Oral presentation skills |a Speaking and listening | ||
| 942 | |c BK | ||
| 999 | |c 1921 |d 1921 | ||
| 952 | |0 0 |1 0 |4 0 |6 658_450000000000000_TAY_C |7 0 |8 NFIC |9 1928 |a CAMPUS |b CAMPUS |d 2015-02-10 |l 0 |o 658.45 TAY.C |p 17774 |r 2015-02-10 |w 2015-02-10 |y BK | ||